000 00709nam a2200289Ia 4500
005 20260324142047.0
008 008 260324s9999 xx 000 0 eng d
020 _a9780203789575
037 _aEBOOK
040 _aCRL
040 _beng
040 _cCRL
041 _2eng
041 _aeng
084 _qCRL
100 _aGeorge Farkas
_91210535
245 0 _aHuman Capital or Cultural Capital?
245 0 _bEthnicity and Poverty Groups in an Urban School District
260 _bTaylor and Francis
260 _c1996
365 _a
365 _b170
856 _uhttp://www.taylorfrancis.com/books/9780203789575
942 _cEBOOK
999 _c1814294
_d1814294